000 00669nam a2200205Ii 4500
003 JO-AjNU
008 230605s9999||||xx |||||||||||||| ||und||
017 _a402
040 _aJO-AjNU
_bara
_erda
_cJO-AjNU
041 _aara
050 1 4 _aTS1955.N2448 1988
100 3 _aالنجفي،سالم توفيق,
_eauthor
_915596
245 0 0 _aاقتصاد الانتاج الحيواني
264 3 1 _aجامعة الموصل:وزارة التعليم العالي،1988
300 _a430ص
336 _atext
_btxt
_2rdacontent
337 _aunmediated
_bn
_2rdamedia
338 _avolume
_bnc
_2rdacarrier
650 4 _aالانتاج الحيواني-اقتصاد
_915597
999 _aA4441
_c8009
_d8009